<?xml version="1.0" encoding="UTF-8"?>
<record
    xmlns:xsi="http://www.w3.org/2001/XMLSchema-instance"
    xsi:schemaLocation="http://www.loc.gov/MARC21/slim http://www.loc.gov/standards/marcxml/schema/MARC21slim.xsd"
    xmlns="http://www.loc.gov/MARC21/slim">

  <leader>02143cam a22003494a 4500</leader>
  <controlfield tag="001">7680802</controlfield>
  <controlfield tag="003">OSt</controlfield>
  <controlfield tag="005">20150408114143.0</controlfield>
  <controlfield tag="008">131017s2010    nyua     b    001 0 eng  </controlfield>
  <datafield tag="010" ind1=" " ind2=" ">
    <subfield code="a">  2009008647</subfield>
  </datafield>
  <datafield tag="020" ind1=" " ind2=" ">
    <subfield code="a">9788131712856</subfield>
  </datafield>
  <datafield tag="024" ind1=" " ind2=" ">
    <subfield code="a">99936491733</subfield>
  </datafield>
  <datafield tag="035" ind1=" " ind2=" ">
    <subfield code="a">(OCoLC)297146389</subfield>
  </datafield>
  <datafield tag="035" ind1=" " ind2=" ">
    <subfield code="a">(OCoLC)ocn297146389</subfield>
  </datafield>
  <datafield tag="035" ind1=" " ind2=" ">
    <subfield code="a">(NNC)7680802</subfield>
  </datafield>
  <datafield tag="040" ind1=" " ind2=" ">
    <subfield code="a">DLC</subfield>
    <subfield code="c">DLC</subfield>
    <subfield code="d">BTCTA</subfield>
    <subfield code="d">YDXCP</subfield>
    <subfield code="d">C#P</subfield>
    <subfield code="d">OrLoB-B</subfield>
  </datafield>
  <datafield tag="082" ind1="0" ind2="0">
    <subfield code="a">541.28</subfield>
    <subfield code="2">22</subfield>
    <subfield code="b">ETQ</subfield>
  </datafield>
  <datafield tag="100" ind1="1" ind2=" ">
    <subfield code="a">Engel, Thomas,</subfield>
    <subfield code="d">1942-</subfield>
    <subfield code="9">36326</subfield>
  </datafield>
  <datafield tag="245" ind1="1" ind2="0">
    <subfield code="a">Quantum chemistry &amp; spectroscopy /</subfield>
    <subfield code="c">.Thomas Engel, Phailip Reid</subfield>
  </datafield>
  <datafield tag="246" ind1="3" ind2=" ">
    <subfield code="a">Quantum chemistry and spectroscopy</subfield>
  </datafield>
  <datafield tag="260" ind1=" " ind2=" ">
    <subfield code="a">Delhi, India :.</subfield>
    <subfield code="b">,Pearson/Dorling Kindersley,</subfield>
    <subfield code="c">2013.</subfield>
  </datafield>
  <datafield tag="300" ind1=" " ind2=" ">
    <subfield code="a">507 p. :</subfield>
    <subfield code="b">ill. (chiefly col.) ;</subfield>
    <subfield code="c">29 cm.</subfield>
  </datafield>
  <datafield tag="500" ind1=" " ind2=" ">
    <subfield code="a">Rev. ed. of: Quantum chemistry and spectroscopy. c2006.</subfield>
  </datafield>
  <datafield tag="504" ind1=" " ind2=" ">
    <subfield code="a">Includes bibliographical references and index.</subfield>
  </datafield>
  <datafield tag="505" ind1="0" ind2="0">
    <subfield code="g">1.</subfield>
    <subfield code="t">From Classical to Quantum Mechanics -- </subfield>
    <subfield code="g">2.</subfield>
    <subfield code="t">The Schrodinger Equation -- </subfield>
    <subfield code="g">3.</subfield>
    <subfield code="t">The Quantum Mechanical Postulates -- </subfield>
    <subfield code="g">4.</subfield>
    <subfield code="t">Using Quantum Mechanics on Simple Systems -- </subfield>
    <subfield code="g">5.</subfield>
    <subfield code="t">The Particle in the Box and the Real World -- </subfield>
    <subfield code="g">6.</subfield>
    <subfield code="t">Commuting and Noncommuting Operators and the Surprising Consequences of Entanglement -- </subfield>
    <subfield code="g">7.</subfield>
    <subfield code="t">A Quantum Mechanical Model for the Vibration and Rotation of Molecules -- </subfield>
    <subfield code="g">8.</subfield>
    <subfield code="t">The Vibrational and Rotational Spectroscopy of Diatomic Molecules -- </subfield>
    <subfield code="g">9.</subfield>
    <subfield code="t">The Hydrogen Atom -- </subfield>
    <subfield code="g">10.</subfield>
    <subfield code="t">Many-Electron Atoms -- </subfield>
    <subfield code="g">11.</subfield>
    <subfield code="t">Quantum States for Many-Electron Atoms and Atomic Spectroscopy -- </subfield>
    <subfield code="g">12.</subfield>
    <subfield code="t">The Chemical Bond in Diatomic Molecules -- </subfield>
    <subfield code="g">13.</subfield>
    <subfield code="t">Molecular Structure and Energy Levels for Polyatomic Molecules -- </subfield>
    <subfield code="g">14.</subfield>
    <subfield code="t">Electronic Spectroscopy -- </subfield>
    <subfield code="g">15.</subfield>
    <subfield code="t">Computational Chemistry -- </subfield>
    <subfield code="g">16.</subfield>
    <subfield code="t">Molecular Symmetry -- </subfield>
    <subfield code="g">17.</subfield>
    <subfield code="t">Nuclear Magnetic Resonance Spectroscopy -- </subfield>
    <subfield code="g">Appendix A.</subfield>
    <subfield code="t">Math Supplement -- </subfield>
    <subfield code="g">Appendix B.</subfield>
    <subfield code="t">Point Group Character Tables -- </subfield>
    <subfield code="g">Appendix C.</subfield>
    <subfield code="t">Answers to Selected End-of Chapter Problems.</subfield>
  </datafield>
  <datafield tag="650" ind1=" " ind2="0">
    <subfield code="a">Quantum chemistry</subfield>
    <subfield code="v">Textbooks.</subfield>
    <subfield code="9">37999</subfield>
  </datafield>
  <datafield tag="650" ind1=" " ind2="0">
    <subfield code="a">Spectrum analysis</subfield>
    <subfield code="v">Textbooks.</subfield>
    <subfield code="9">38000</subfield>
  </datafield>
  <datafield tag="700" ind1="1" ind2=" ">
    <subfield code="a">Reid, Phailip</subfield>
    <subfield code="9">38001</subfield>
  </datafield>
  <datafield tag="900" ind1=" " ind2=" ">
    <subfield code="b">TOC</subfield>
  </datafield>
  <datafield tag="942" ind1=" " ind2=" ">
    <subfield code="2">ddc</subfield>
    <subfield code="c">DVD</subfield>
  </datafield>
  <datafield tag="948" ind1="1" ind2=" ">
    <subfield code="a">20100323</subfield>
    <subfield code="b">c</subfield>
    <subfield code="c">sds12</subfield>
    <subfield code="d">MPS</subfield>
  </datafield>
  <datafield tag="999" ind1=" " ind2=" ">
    <subfield code="c">31298</subfield>
    <subfield code="d">265798</subfield>
  </datafield>
  <datafield tag="952" ind1=" " ind2=" ">
    <subfield code="1">0</subfield>
    <subfield code="2">2013-10-17</subfield>
    <subfield code="4">0</subfield>
    <subfield code="7">1</subfield>
    <subfield code="a">541.28 ETQ</subfield>
    <subfield code="c">1</subfield>
    <subfield code="d">2013-10-17</subfield>
    <subfield code="h">CL</subfield>
    <subfield code="i">00206706</subfield>
    <subfield code="m">CL</subfield>
    <subfield code="r">2013-10-17 00:00:00</subfield>
    <subfield code="t">BOOK</subfield>
    <subfield code="w">ddc</subfield>
    <subfield code="y">0</subfield>
  </datafield>
  <datafield tag="952" ind1=" " ind2=" ">
    <subfield code="1">0</subfield>
    <subfield code="2">2013-10-17</subfield>
    <subfield code="4">0</subfield>
    <subfield code="7">0</subfield>
    <subfield code="a">541.28 ETQ</subfield>
    <subfield code="c">2</subfield>
    <subfield code="d">2013-10-17</subfield>
    <subfield code="h">CL</subfield>
    <subfield code="i">00206705</subfield>
    <subfield code="m">CL</subfield>
    <subfield code="r">2013-10-17 00:00:00</subfield>
    <subfield code="t">BOOK</subfield>
    <subfield code="w">ddc</subfield>
    <subfield code="y">0</subfield>
  </datafield>
  <datafield tag="952" ind1=" " ind2=" ">
    <subfield code="1">0</subfield>
    <subfield code="2">2013-10-17</subfield>
    <subfield code="4">0</subfield>
    <subfield code="7">0</subfield>
    <subfield code="a">541.28 ETQ</subfield>
    <subfield code="c">3</subfield>
    <subfield code="d">2013-10-17</subfield>
    <subfield code="h">CL</subfield>
    <subfield code="i">00206704</subfield>
    <subfield code="m">CL</subfield>
    <subfield code="r">2013-10-17 00:00:00</subfield>
    <subfield code="t">BOOK</subfield>
    <subfield code="w">ddc</subfield>
    <subfield code="y">0</subfield>
  </datafield>
</record>
